000 00341nam a2200121Ia 4500
008 151001s9999||||xx |||||||||||||| ||und||
100 _aविलास साळोखे
245 _aशंभर गुन्हे माफ
250 _a1
260 _bगुरु ओम प्रकाश
300 _a49
365 _b18
999 _c963339
_d963336